000 00773cab a2200217 4500
001 l136840
008 070227n2007 000 0 eng u
035 _a(Sirsi) u136840
041 0 _aeng
100 1 _aWhite, Emma
245 0 0 _aSubstantial questions on enforcement
260 _c2007
490 0 0 _aEstates Gazette
_v(0708) 24 February 2007, 132-133(2)
520 _aExamines the situation whereby an obiter comment in a Lords case has led some planning authorities to take an approach to planning permissions that is flawed in law. Provides details of the correct approach.
590 _aKA
650 2 4 _aSAGE V SOS ENVIRONMENT AND OTHERS
651 4 _aEngland
_y886-
690 _aPlanning and development
_96259
700 1 _aRichardson, David
942 _n0
999 _c78465
_d78465